000 00685nam a2200289Ia 4500
005 20260324131338.0
008 008 260324s9999 xx 000 0 eng d
020 _a9780203823668
037 _aEBOOK
040 _aCRL
040 _beng
040 _cCRL
041 _2eng
041 _aeng
084 _qCRL
100 _aAndrew Rudd
_91185167
245 0 _aLiteracy and ICT in the Primary School
245 2 _bA Creative Approach to English
260 _bTaylor and Francis
260 _c2006
365 _a
365 _b300
856 _uhttp://www.taylorfrancis.com/books/9780203823668
942 _cEBOOK
999 _c1782223
_d1782223